000 00784cam a22002531 4500
001 27474
003 BD-RjUL
005 20211209051147.0
008 750903s1952 nyu 001 0 eng d
035 _a(BD-RjUL)27548
035 _a(OCoLC)1595409
040 _aDLC
_cFM
_dOCoLC
_dDLC
_dBD-RjUL
_beng
041 _aeng
082 0 0 _a973.921092
_bDAS 1952
100 1 _aDavis, Kenneth Sydney,
_d1912-
_933734
245 1 0 _aSoldier of democracy :
_ba biography of Dwight Eisenhower /
_c Kenneth Sydney Davis.
260 _aGarden City, N.Y. :
_bDoubleday,
_c1952.
300 _a577 p. :
_bill. ;
_c22 cm.
504 _aIncludes Index
600 1 0 _aEisenhower, Dwight D.
_q(Dwight David),
_d1890-1969.
_984414
942 _2ddc
_cBK
999 _c27474
_d27474